Nchi za Dunia - Statistics

General Stats
  • This quiz has been taken 18 times
  • The average score is 114 of 196
Answers on the Map
Answers color-coded by a green-red scale on the quiz's map according to % correct below.
 
Answer Stats
Nchi % Correct
Uchina
100%
Brazili
92%
Jamhuri ya Kidemokrasia ya Kongo
92%
Jamhuri ya Kongo
92%
Japani
92%
Kanada
92%
Kenya
92%
Marekani
92%
Sudan
92%
Tanzania
92%
Uganda
92%
Venezuela
92%
Argentina
85%
Australia
85%
Belize
85%
Bolivia
85%
Chadi
85%
Chile
85%
Ekuador
85%
Gabon
85%
Gwatemala
85%
Honduras
85%
Indonesia
85%
Kolombia
85%
Mali
85%
Mexiko
85%
Nijeri
85%
Nijeria
85%
Nikaragua
85%
Panama
85%
Paragwai
85%
Peru
85%
Somalia
85%
Urugwai
85%
Aljeria
77%
Angola
77%
Benin
77%
Botswana
77%
Burundi
77%
Ghana
77%
Guyana
77%
Haiti
77%
Kosta Rika
77%
Kuba
77%
Lesotho
77%
Liberia
77%
Libya
77%
Malawi
77%
Moroko
77%
Namibia
77%
Pakistan
77%
Rwanda
77%
Senegali
77%
Togo
77%
Tunisia
77%
Uajemi
77%
Uzibekistani
77%
Vietinamu
77%
Zambia
77%
Zimbabwe
77%
Afghanistan
69%
Bangladesh
69%
Bhutan
69%
Dominika
69%
Elsavado
69%
Eritrea
69%
Gambia
69%
Iraq
69%
Israel
69%
Jamaika
69%
Jamhuri ya Dominika
69%
Kameruni
69%
Kazakhstan
69%
Laos
69%
Mauritania
69%
Mongolia
69%
Nepal
69%
Omani
69%
Romania
69%
Sierra Leone
69%
Syria
69%
Tajikistan
69%
Turkmenistan
69%
Ukraini
69%
Uswazi
69%
Afrika Kusini
62%
Austria
62%
Bukini
62%
Bulgaria
62%
Burkina Faso
62%
Fiji
62%
Jibuti
62%
Kuwait
62%
Malaysia
62%
Myanmar
62%
Polandi
62%
Saudia
62%
Sri Lanka
62%
Taiwan
62%
Udeni
62%
Yemen
62%
Albania
54%
Antigua na Barbuda
54%
Armenia
54%
Azerbaijan
54%
Bahama
54%
Bahrain
54%
Barbadosi
54%
Belarus
54%
Bosnia na Herzegovina
54%
Estonia
54%
Georgia
54%
Gine
54%
Ginebisau
54%
Grenada
54%
Italia
54%
Kiribati
54%
Korea Kaskazini
54%
Korea Kusini
54%
Kosovo
54%
Kroatia
54%
Latvia
54%
Liechtenstein
54%
Malta
54%
Moldova
54%
Montenegro
54%
Palau
54%
Qatar
54%
Samoa
54%
Serbia
54%
Slovakia
54%
Timor ya Mashariki
54%
Tonga
54%
Tuvalu
54%
Uthai
54%
Vanuatu
54%
Andorra
46%
Brunei
46%
Kirgizia
46%
Kodivaa
46%
Lebanoni
46%
Luxemburg
46%
Monako
46%
Mtakatifu Kitts na Nevis
46%
Mtakatifu Lucia
46%
Mtakatifu Vincent na Grenadini
46%
Nauru
46%
San Marino
46%
Slovenia
46%
Sudan Kusini
46%
Ucheki
46%
Ufaransa
46%
Uhabeshi
46%
Ujerumani
46%
Visiwa vya Solomon
46%
Cabo Verde
38%
Hungaria
38%
Kamboja
38%
Lituanya
38%
Misri
38%
Shirikisho la Mikronesia
38%
Uhindi
38%
Urusi
38%
Visiwa vya Marshall
38%
Yordani
38%
São Tomé na Príncipe
31%
Komori
31%
Masedonia Kaskazini
31%
Mji wa Vatikani
31%
Singapuri
31%
Trinidad na Tobago
31%
Unowe
31%
Ureno
31%
Maldivi
23%
Uholanzi
23%
Uturuki
23%
Jamhuri ya Afrika ya Kati
15%
Msumbiji
15%
Ufalme wa Muungano
15%
Ufini
15%
Ugiriki
15%
Uhispania
15%
Uswisi
15%
Eire
8%
Falme za Kiarabu
8%
Gine ya Ikweta
8%
Isilandi
8%
Kupro
8%
Morisi
8%
Nyuzilandi
8%
Papua Gine Mpya
8%
Ubelgiji
8%
Ufilipino
8%
Ushelisheli
8%
Uswidi
8%
Surinamu
0%
No matching quizzes found
Score Distribution
Percent of People with Each Score
Percentile by Number Answered
Your Score History
You have not taken this quiz